000
00333nam a22001457a 4500
008
211011b ||||| |||| 00| 0 eng d
020
_a
0252013034
041
_a
eng
080
_a
941
082
_a
941
100
_a
16
101
_a
SHH
245
_a
The Nibelungenlied History and Interpretation
_c
Haymes,E.R
942
_2
udc
_c
BK
999
_c
58123
_d
58123